000 00533nam a2200193Ia 4500
005 20250326145220.0
008 250326s9999 xx 000 0 und d
037 _aTextbook
040 _aFMSL
_beng
_cFMSL
041 _aeng
_2eng
084 _aX:8 P9
_qFMSL
100 _aHancock P
_9750848
245 0 _aUnderstanding corporate life
_cHancock P; Spicer A
260 _aNew Delhi
_bNew Delhi, Sage
_c2009
365 _b1780.0377000000001
650 _aManagement
942 _cTB
_hX:8 P9
999 _c1306783
_d1306783